| 000 | 00646nam a2200205 u 4500 | ||
|---|---|---|---|
| 005 | 20220603063642.0 | ||
| 008 | 080407s2006 r 000 0 eng d | ||
| 020 | _a8424187776 | ||
| 035 | _aUPN01000155268 | ||
| 049 | _aI | ||
| 050 | 4 |
_aPZ4.7 _bZ5.7 |
|
| 100 | 1 |
_aZiefert, Harriet, _d1941- _935282 |
|
| 245 | 1 | 0 |
_a31 usos para mamá / _cHarriet Ziefert ; il. Rebecca Doughty ; tr. Esther Sarfatti. |
| 260 |
_aValladolid, Esp. : _bEverest, _c2006. |
||
| 300 |
_a31 p. : _bprincipalmente il. col. |
||
| 440 | 0 | _aMontaña encantada | |
| 534 |
_pTítulo original : _t31 uses for a Mom |
||
| 650 | 4 |
_aCuentos infantiles _96744 |
|
| 905 | _aInfantil | ||
| 999 |
_c127384 _d127384 |
||